00540 a2200145 450000100060000010000050000624500320001126000400004309000170008394200230010099900190012395200840014295200840022695200840031041896 a aThe World Book Encyclopedia abF Enterp Education Corporationsc c25962d25962 aNUST-CAEcMc17738 c276969d276969 001040708NFICaCAEbCAEd2017-04-03l0pCAE43088r2017-04-05w2017-04-05yBK 001040708NFICaCAEbCAEd2017-04-03l0pCAE43090r2017-04-05w2017-04-05yBK 001040708NFICaCAEbCAEd2017-04-03l0pCAE43089r2017-04-05w2017-04-05yBK